Gedichte. Band IX /

Uložené v:
Podrobná bibliografia
Hlavný autor: Chamisso, Adelbert von, 1781-1838
Ďalší autori: Storch, Carl (Illustrator)
Médium: Kniha
Jazyk:German
Vydané: Wien : Deutsches Verlagshaus Bong & Co., [1895].
Vydanie:[1. Aufl.]
Témy:
ISBN: (viaz.)
Fyzický popis: 415 s. : il. ; 22 cm.
Tagy: Pridať tag
Žiadne tagy, Buďte prvý kto otaguje tento záznam!

MARC

LEADER 00000nam a22000004a 4500
001 000500708
005 20160509071504.0
008 160330s1895 au a e 000 f ger d
020 |a (viaz.) 
040 |a SVKKK  |b slo  |c SVKKK  |e AACR2 
041 0 |a ger 
044 |a au  |c AT 
072 7 |a 821.112.2-1  |x Nemecká poézia, nemecky písaná  |2 konspekt 
080 |a 821.112.2-1  |2 2001 
080 |a (0:82-1)  |2 2001 
100 1 |a Chamisso, Adelbert von,  |d 1781-1838 
245 1 0 |a Gedichte.  |n Band IX /  |c von Adelbert von Chamisso ; illustriert von Carl Storch ... [et al.]. 
250 |a [1. Aufl.] 
260 |a Wien :  |b Deutsches Verlagshaus Bong & Co.,  |c [1895]. 
300 |a 415 s. :  |b il. ;  |c 22 cm. 
655 7 |a nemecká poézia  |2 SVKKKPH 
700 1 |a Storch, Carl  |4 ill 
910 |a svkkk 
998 |a BK 
090 |g SCKHL  |k HIS - sklad Zvonárska 19  |a VII.1453  |j 1072020  |i 2720303795  |s Príručka / Študovňa